000 00557nam a22001817a 4500
003 UA-OsUOA
001 19644
007 ta
008 20040911b un ||||| |||| 00| 0 ukr d
100 _aСуха О.
942 _cSA
040 _aUA-OsUOA
_cUA-OsUOA
_dUA-OsUOA
245 _aЙдемо до читачів
_b[Про напрямки діяльності б-к Корец. р-ну]
300 _aС.3
955 _a0
773 0 _w0
_tВісті Кореччини
_dКорець
_d2004
_g№57/31 лип./
650 7 _aКраєзнавча робота
_2UDC
999 _c305815
_d305815